Statistics for Women's Tennis World Number Ones

Click here to take the quiz!

General Stats

  • This quiz has been taken 12,489 times
    (4,364 since last reset)
  • The average score is 13 of 27

Answer Stats

Most Recent Total Weeks Player % Correct
200211Venus Williams
97%
2017319Serena Williams
97%
1997377Steffi Graf
82%
1987322Martina Navratilova
80%
201221Maria Sharapova
71%
2001209Martina Hingis
59%
1996178Monica Seles
58%
1985260Chris Evert
55%
2008117Justine Henin
48%
201120Kim Clijsters
47%
201871Caroline Wozniacki
46%
201925Naomi Osaka
45%
201864Simona Halep
44%
200698Lindsay Davenport
41%
199512Arantxa Sanchez Vicario
36%
201734Angelique Kerber
36%
201923Ashleigh Barty
35%
200217Jennifer Capriati
33%
201351Victoria Azarenka
32%
200839Amelie Mauresmo
32%
200812Ana Ivanovic
29%
20174Garbiñe Muguruza
28%
19762Evonne Goolagong
28%
200926Dinara Safina
25%
198021Tracy Austin
24%
20178Karolína Plíšková
23%
200918Jelena Jankovic
22%

Score Distribution

Percentile by Number Answered

Percent of People with Each Score

Your Score History

You have not taken this quiz since the last reset